000 00803nam a2200217Ia 4500
008 0000001994 mX a 0000000000spa00
090 _aPSP00 C17s5
100 1 _aCarbonell, Santiago
_d1960
245 1 0 _aSantiago Carbonell
_b: pintura
_c/ fotografía Carlos Contreras ; traducción Suzanne Stephens
300 _a163 p.
_c/ 31 cm.
500 _aCon el patronazgo del maestro venezolano Jesús Rafael Soto (q.e.p.d.)
600 0 0 _aCARBONELL, SANTIAGO, 1960/
_xTRABAJOS PICTORICOS
650 1 4 _aARTE CONTEMPORANEO ESPAÑOL
650 1 4 _xCATALOGOS
650 1 4 _xEXPOSICIONES
650 1 4 _aFIGURA HUMANA EN EL ARTE
650 1 4 _aPINTORES ESPAÑOLES
650 1 4 _aPINTURA ESPAÑOLA
700 1 _aContreras, Carlos \ Stephens, Suzanne, tr.
999 _c6306
_d6306
260 _aMéxico : Agrosemex
_c1994